000 00378cam a22001337a 4500
999 _c446587
_d446587
008 180718b2010 xxu||||| |||| 00| 0 eng d
020 _a9788184840759
082 _aA99 Am13\Si64(H)
100 _aSingh,Jeevitesh Kumar
_911575
245 _aAmbedkar-chintan
_cedited by Jeevitesh Kumar singh
260 _aNew Delhi
_bRegal publication
_c2010
300 _a461p.
942 _2ddc